| 000 | 00435nam a2200181Ia 4500 | ||
|---|---|---|---|
| 001 | 13406 | ||
| 005 | 20260306164759.0 | ||
| 008 | 260306t2007||||xx |||||||||||||| ||spa|| | ||
| 041 | _aESP | ||
| 082 |
_a004 _bB84 2007 |
||
| 100 |
_aBrookshear, J. Glenn _eAUT |
||
| 245 | 0 |
_aComputer science: _ban overview |
|
| 260 | _c2007 | ||
| 300 |
_axv, 599 páginas : _c23 cm. |
||
| 650 | _aGEN | ||
| 654 | _aCCC | ||
| 942 |
_cLIB _dJUS _fJUS _2ddc _n |
||
| 999 |
_c13406 _d13406 |
||